000 01255nam a2200277 a 4500
001 ebr10537861
003 CaPaEBR
006 m u
007 cr cn|||||||||
008 120317s2012 enkabd sf 001 0 eng d
020 _z9781849517249
020 _z9781849517256 (e-book)
040 _aCaPaEBR
_cCaPaEBR
035 _a(OCoLC)787844572
050 1 4 _aT385
_b.P45 2012eb
100 1 _aPhillips, Lee.
245 1 0 _aGnuplot cookbook
_h[electronic resource] :
_bover 80 recipes to visually explore the full range of features of the world's preeminent open source graphing system : [quick answers to common problems] /
_cLee Phillips.
260 _aOlton Birmingham [England] :
_bPackt Pub.,
_c2012.
300 _aiv, 205 p. :
_bill. (some col.), maps (some col.)
500 _aIncludes index.
533 _aElectronic reproduction.
_bPalo Alto, Calif. :
_cebrary,
_d2011.
_nAvailable via World Wide Web.
_nAccess may be limited to ebrary affiliated libraries.
650 0 _aComputer graphics
_xComputer programs
_vHandbooks, manuals, etc.
655 7 _aElectronic books.
_2local
710 2 _aebrary, Inc.
856 4 0 _uhttp://site.ebrary.com/lib/rucke/Doc?id=10537861
_zAn electronic book accessible through the World Wide Web; click to view
999 _c245193
_d245193